Score 0/12 Timer 06:00
0 Plays Today
% Correct
Gordon Ramsay
89.6%
Jamie Oliver
70.1%
Guy Fieri
57.1%
Wolfgang Puck
44.2%
Mary Berry
40.3%
Nigella Lawson
39%
Bobby Flay
36.4%
Gino D'acampo
19.5%
Ainsley Harriott
16.9%
James Martin
14.3%
Marco Pierre White
10.4%
Rosemary Shrager
5.2%
Remove Ads.
Support Sporcle.
Get the best of Sporcle when you Go Orange. This ad-free experience offers more features, more stats, and more fun while also helping to support Sporcle. Thank you for becoming a member.

You're not logged in!

Compare scores with friends on all Sporcle quizzes.
OR
Log In

Show Comments

Extras

Created Dec 15, 2018ReportNominate
Tags:Famous Quiz, chef

Top Quizzes Today


Score Distribution

Your Account Isn't Verified!

In order to create a playlist on Sporcle, you need to verify the email address you used during registration. Go to your Sporcle Settings to finish the process.

Report this User

Report this user for behavior that violates our Community Guidelines.

Details: